[Event "WALTON 40th BAN-ch U20 Open 2022"]
[Site "Dhaka"]
[Date "2022.02.17"]
[Round "3.8"]
[White "Md, Azmaeen Parvez Sayor"]
[Black "Amartya, Barua"]
[Result "1/2-1/2"]
[WhiteElo "1920"]
[BlackElo "1114"]
[Annotator "TA"]
[PlyCount "129"]
[EventDate "2022.02.15"]
[EventType "swiss"]
[EventCountry "BAN"]
[SourceTitle "playchess.com"]
[Source "ChessBase"]
[SourceQuality "1"]

{[%evp 15,129,21,24,2,60,49,56,35,54,53,58,54,68,51,87,11,11,11,50,38,89,23,39,37,71,0,0,0,88,69,109,0,112,124,198,195,184,179,189,191,195,115,109,91,91,80,71,74,70,62,130,129,453,441,436,249,232,141,176,180,177,143,169,112,237,27,30,45,56,43,51,56,267,231,235,91,91,78,78,77,78,77,91,91,91,91,91,91,98,91,135,0,91,91,91,91,91,91,91,91,91,79,91,91,91,17,16,8,8,8,8,8,8,8,8,-20]} 1. e4 c6 2. Nc3 d5 3. Nf3 Bg4 4. h3 Bxf3 5. Qxf3 e6 6. d3 Nf6 7. Bd2 Nbd7 {7...Qb6 is more advanced technology.} 8. g4 h6 9. Qg3 {B11: Caro-Kann: Two Knights Variation.} Nb6 (9... Bb4 $11) 10. e5 Nfd7 {[#]} 11. f4 $146 {White is slightly better.} ({Predecessor:} 11. O-O-O Qc7 12. f4 O-O-O 13. Bg2 c5 14. Rde1 Kb8 15. Rhf1 c4 16. d4 Qc6 17. f5 {1-0 (39) Serefidou,D (1971)-Poulopoulou,E (1485) Achaia 2013}) 11... Be7 {Strongly threatening ...Bh4.} 12. h4 Qc7 13. Bg2 a6 14. a4 a5 15. g5 ({Better is} 15. d4 $16) 15... hxg5 $11 16. hxg5 O-O-O 17. Ne2 Na8 (17... Bb4 $14) 18. Qf2 (18. O-O-O $16) 18... Bc5 19. d4 Be7 20. f5 (20. O-O-O $16) 20... Rxh1+ 21. Bxh1 Rh8 (21... Qb6 $1 $11) 22. Bg2 Qb6 23. b3 ({White should try} 23. fxe6 $16 fxe6 24. Qf7) 23... exf5 (23... Nc7 $1 $11) 24. Qxf5 $16 Rf8 (24... Qd8 $16 {was necessary.} 25. O-O-O (25. Qxf7 Bxg5 26. Qg6 Bxd2+ 27. Kxd2 Nf8 $16) 25... Nc7) 25. Bh3 $18 Qd8 26. c4 Nc7 27. Bxa5 {Hoping for cxd5.} Bxg5 28. cxd5 (28. Kf1 $18) 28... Bh4+ $16 29. Kd1 {[%cal Be1d1,Bd1d2,Bd2d3][%mdl 32]} Nxd5 30. Bxd8 {Chess con chili.} Ne3+ 31. Kd2 Nxf5 32. Ba5 $36 {[%mdl 2048] Black is under pressure.} Bg5+ (32... Ne7 $14) 33. Kd3 Ne3 {[%mdl 8192]} (33... g6 $16 {is tougher.}) 34. Bd2 $18 Rh8 35. Rh1 ({But not} 35. Bxd7+ Kxd7 36. Rg1 (36. Bxe3 Rh3 $11) 36... Rh3 37. Rxg5 Nf1+ 38. Kc2 g6 $18) (35. Ng1 $142) 35... Ng4 36. Be1 {Inhibits Nf2+.} ({And not} 36. Bxg5 Nf2+ 37. Ke3 Nxh1 $15) 36... Kd8 37. Ng3 Nh6 38. Ne4 Be7 {[%cal Oh6f5]} 39. Rg1 (39. Ba5+ $18 b6 40. Bxd7) 39... g6 (39... f5 $16 {is a better defense.}) 40. e6 $2 (40. Bxd7 $18 Kxd7 41. Rh1) 40... fxe6 41. Bxe6 Nf8 $1 42. Ba5+ Ke8 43. Bc8 {A strong pair of Bishops.} b5 $2 (43... Nf5 $14) 44. axb5 cxb5 {[#]} 45. Re1 ({Don't do} 45. Ba6 $6 Nf5) (45. Rh1 $1 $18) 45... Nf5 $16 46. Bxf5 gxf5 47. Nd6+ Kd7 48. Nxf5 {White is much more active.} Rh3+ 49. Re3 Rxe3+ 50. Kxe3 {[%mdl 4096] Endgame KBN-KBN} Bg5+ 51. Ke4 Ne6 52. Bb4 Bf6 (52... Nc7 $142 53. Ba3 Bd2) 53. Ba5 (53. d5 $16 Ng5+ 54. Kd3) 53... Ng5+ (53... Bg5 $11 {remains equal.}) 54. Kd5 Ne6 55. Bd2 Bd8 56. Ng3 Bb6 57. Be3 Nc7+ 58. Ke5 Na6 {White must now prevent ...Bc7+.} 59. Ne4 Nb4 {[#]} 60. Nc3 (60. Nf6+ $1 $16 Kd8 61. Nd5 Nxd5 62. Kxd5) 60... Nc2 $1 $11 {The position is equal.} 61. Nd5 Ba7 62. Bf2 Na1 63. Nc3 Nxb3 64. Nxb5 Bxd4+ 65. Ke4 {Black escapes into a draw.  Weighted Error Value: White=0.34/Black=0.33} 1/2-1/2

[Event "WALTON 40th BAN-ch U20 Open 2022"]
[Site "Dhaka"]
[Date "2022.02.18"]
[Round "4.1"]
[White "Manon, Reja Neer"]
[Black "Mohammed, Sagar Ullah"]
[Result "1-0"]
[WhiteElo "2209"]
[BlackElo "1924"]
[Annotator "TA"]
[PlyCount "99"]
[EventDate "2022.02.15"]
[EventType "swiss"]
[EventCountry "BAN"]
[SourceTitle "playchess.com"]
[Source "ChessBase"]
[SourceQuality "1"]

{[%evp 12,99,69,47,206,208,190,185,202,190,257,242,237,250,252,249,379,-232,-144,-1531,375,375,829,835,827,406,447,423,400,401,443,428,431,397,397,391,364,375,408,404,456,452,580,566,643,652,649,654,644,644,677,670,676,558,696,647,759,701,762,761,911,902,939,881,838,622,1198,1203,1451,1403,1485,1358,1350,1258,29981,1055,29993,3681,1481,1440,1372,1032,973,893,1201,1130,5405,1006,904,887]} 1. e4 e5 2. Nf3 Nc6 3. Bb5 {[%cal Bf1b5,Bb5a4,Ba4b3][%mdl 32]} a6 4. Ba4 Bc5 5. O-O Nge7 6. c3 b5 7. Bb3 d6 $2 {C64: Ruy Lopez: Classical Defence (3...Bc5) except 4 0-0 Nf6.} (7... O-O $1 $14) 8. d4 exd4 9. cxd4 {Ng5 is the strong threat.} Bb6 {White is clearly better.} 10. Ng5 $1 d5 (10... Rf8 {was called for.}) 11. exd5 $1 $18 (11. Qh5 g6 12. Qh6 (12. Qf3 O-O $11) 12... Bxd4 $14) 11... Nxd4 12. d6 $1 (12. Qh5 g6 13. Qh4 Nef5 14. Qe4+ Kf8 $15) 12... Nxb3 13. Qxb3 (13. dxe7 $2 Qxd1 14. Rxd1 Nxa1 $19) 13... Qxd6 {[#]} (13... O-O $142) 14. Qc3 $146 {[%mdl 8192]} ({Don't play} 14. Nxf7 Qf6 $18) (14. Qxf7+ $18 Kd7 15. Qf3 (15. Bf4 Qf6 $14)) ({Predecessor:} 14. Qxf7+ Kd8 15. Qf3 Be6 16. Qxa8+ Nc8 17. Bf4 Qxf4 18. Nxe6+ {1-0 (18) Perez Ponsa,F (2229)-Flores Jimenez,J Medellin 2007}) 14... f6 15. Qxf6 {[%mdl 8192]} (15. Ne4 $17 Qd5 16. Qf3) 15... Kd7 $4 {[%mdl 8192] [#]} (15... gxf6 $19 {avoids the disaster.} 16. Ne4 Qe6) 16. Qf3 $1 {And now Rd1 would win.} Rb8 $2 (16... Bb7 17. Qxb7 Qd5 18. Qxd5+ Nxd5) 17. Rd1 Bd4 18. Qg4+ (18. Ne4 $142 Qg6 19. Rxd4+ Ke8 20. Bg5) 18... Kc6 19. Qxd4 Qxd4 20. Rxd4 Nf5 21. Rd1 Re8 22. Kf1 h6 23. Nf3 Be6 24. b3 {Prevents Bc4+.} Kb7 25. Bb2 g5 26. Nc3 c5 27. Ne4 Bc4+ 28. bxc4 Rxe4 29. cxb5 axb5 30. Rd5 {[%csl LRc5,LRf5]} Rf8 31. Rxc5 Kb6 32. Re5 Rc4 33. Rc1 Ra4 34. a3 g4 35. Nd2 g3 36. hxg3 Nxg3+ 37. Kg1 Nf5 38. Re4 Raa8 39. g4 Rg8 40. Kh2 Nh4 41. Kg3 Nf5+ 42. Kh3 Ng7 43. Re7 (43. Bd4+ $142 Ka6 44. Re7 b4 45. axb4 Rgb8 46. Bxg7 Rd8 47. Ne4 Kb6 48. Kg2) 43... Ne8 44. Re6+ (44. Bd4+ $142 Ka6 {[#]} 45. Rc8 $3 {[%mdl 512]} Nf6 46. Rcc7 Nd7 47. Rexd7 Rg7 48. Rxg7 b4 49. a4 Ka5 50. Ra7+ Rxa7 51. Rxa7#) 44... Kb7 {White is clearly winning.} 45. Rxh6 Rd8 46. Nf3 Rf8 47. Rc3 Nf6 48. Rb3 {[%csl LRb5,LRf6]} Ne4 49. Kg2 Rd5 50. Rh5 {Weighted Error Value: White=0.83/Black=0.84} 1-0

[Event "WALTON 40th BAN-ch U20 Open 2022"]
[Site "Dhaka"]
[Date "2022.02.18"]
[Round "4.2"]
[White "Dibya, Das Gupta"]
[Black "Noshin, Anjum"]
[Result "0-1"]
[WhiteElo "1923"]
[BlackElo "2017"]
[Annotator "TA"]
[PlyCount "110"]
[EventDate "2022.02.15"]
[EventType "swiss"]
[EventCountry "BAN"]
[SourceTitle "playchess.com"]
[Source "ChessBase"]
[SourceQuality "1"]

{[%evp 14,110,10,-1,-5,-15,-13,-26,-17,-43,-27,-52,-39,-50,-50,-91,-103,-108,-76,-88,-50,-54,-24,-40,-7,-139,-141,-141,-139,-145,-102,-183,-183,-183,-153,-180,-182,-173,-133,-126,-91,-72,-80,-209,-86,-80,-62,-104,-84,-91,-56,-62,-31,-53,-53,-175,-93,-89,-89,-100,-65,-99,-61,-96,-112,-103,-105,-135,-111,-719,-719,-712,-679,-681,-601,-777,-672,-814,-803,-771,-764,-5531,-5318,-29957,-29949,-29963,-29949,-29973,-29972,-29979,-29980,-29987,-29981,-29988,-29975,-29975,-29975,-29996,-29997]} 1. d4 d5 2. Nf3 Nf6 3. g3 Bf5 4. Bg2 e6 5. c4 c6 6. O-O h6 7. Nc3 Be7 8. Ne5 Nbd7 {D11: Slav Defence: 3 Nf3 sidelines and 3...Nf6 4 e3 Bg4.} 9. cxd5 exd5 10. a3 O-O {Black has an edge.} 11. b4 {[#]} a6 $146 ({Predecessor:} 11... Bd6 12. Nxd7 Qxd7 13. f3 Rfe8 14. Re1 Re7 15. e4 dxe4 16. fxe4 Rae8 17. e5 Bc7 {½-½ (44) Hamza,A (1880)-Asiema,I Maputo 2011}) 12. Bb2 Re8 13. Nd3 Nb6 14. Nc5 (14. Ne5 $15) 14... Nc4 $17 15. Bc1 b6 16. Nb3 Nd6 {Black is more active.} 17. Bf4 Nfe4 18. Rc1 Rc8 {Threatening ...Nxc3.} 19. Nd2 (19. Nxe4 $11 {remains equal.} Nxe4 20. e3) 19... Nxc3 20. Rxc3 Nb5 {[%csl LRc3,LRd4]} 21. Rc1 Nxd4 (21... Nxa3 $142 22. Qa4 Nb5) 22. Be3 (22. Be5 $17 {is a better defense.} Nb5 23. a4) 22... Bf6 23. a4 Qd6 24. Nb3 Nxb3 25. Qxb3 {[#]} d4 $1 26. Bf4 Qe6 27. Qxe6 Rxe6 28. e4 (28. Rfe1 $17 {only move.}) 28... dxe3 (28... Bxe4 $19 {and Black stays clearly on top. Strongly threatening ...g5.} 29. Bh3 Bf3) 29. Bxe3 Bb2 30. Rb1 Bxb1 31. Rxb1 Bc3 {And now ...Rb8 would win.} 32. Bh3 Rxe3 33. fxe3 $15 {[%mdl 4096] Endgame KRB-KRB} Rc7 34. b5 (34. Bg2 $15) 34... axb5 ({Black should try} 34... cxb5 $19 35. axb5 a5) 35. axb5 $17 c5 36. Rd1 g6 37. Rd6 Ba5 38. Rc6 {[#]} Rxc6 39. bxc6 {Black must now prevent c7. KB-KB} b5 {[%cal Bb6b5,Bb5b4,Bb4b3][%mdl 32]} 40. Kf1 Kf8 41. Bd7 $2 {[%mdl 8192]} (41. Bc8 $17) 41... Ke7 $19 42. Ke2 f6 43. Kd3 c4+ {[%cal Bc5c4,Bc4c3][%mdl 32]} 44. Kc2 b4 45. Bh3 Kd6 46. Bf1 Kc5 47. h4 b3+ 48. Kb1 c3 {Black mates.} 49. Bd3 g5 50. Bf5 Bc7 51. Be6 Kb4 52. hxg5 hxg5 53. g4 Be5 54. Bf5 c2+ 55. Kc1 Kc3 {Weighted Error Value: White=0.72/Black=0.15 (very precise)} 0-1

[Event "WALTON 40th BAN-ch U20 Open 2022"]
[Site "Dhaka"]
[Date "2022.02.18"]
[Round "4.3"]
[White "Swarnavo Choudhury"]
[Black "Tahmidul, Haque"]
[Result "1-0"]
[WhiteElo "1945"]
[BlackElo "1756"]
[Annotator "TA"]
[PlyCount "103"]
[EventDate "2022.02.15"]
[EventType "swiss"]
[EventCountry "BAN"]
[SourceTitle "playchess.com"]
[Source "ChessBase"]
[SourceQuality "1"]

{[%evp 25,103,54,39,0,0,0,69,69,63,71,106,87,89,75,118,119,120,120,120,0,120,103,127,110,95,77,104,52,41,45,63,63,77,61,102,97,130,134,418,410,423,418,403,405,413,404,402,356,382,341,470,471,455,463,448,443,426,408,564,564,634,616,960,744,1166,511,970,848,848,848,1725,1652,29977,29978,29978,29973,29980,29980,29992,29993]} 1. e4 c5 2. Nf3 e6 3. d4 cxd4 4. Nxd4 Nc6 5. Nc3 Qc7 6. Be3 a6 7. Be2 Nf6 8. O-O Bb4 9. Na4 Be7 10. Nxc6 bxc6 11. Nb6 Rb8 12. Nxc8 Qxc8 13. e5 Nd5 14. Bd4 {B49: Sicilian: Taimanov: 5 Nc3 Qc7 6 Be3 a6 7 Be2.} (14. Bc1 $5 {[%cal Rc2c4]}) 14... c5 15. c4 Nf4 ({Better is} 15... cxd4 $11 16. cxd5 Qc5) 16. Bc3 $1 $14 {White is slightly better.} ({But not} 16. Be3 Ng6 $11) 16... Nxe2+ 17. Qxe2 {[#]} h5 $146 ({Predecessor:} 17... O-O 18. Rad1 f5 19. Rd3 Rf7 20. Rfd1 Bf8 21. h4 Qc6 22. h5 Rb7 23. R1d2 Ra7 {1-0 (42) Rodshtein,T (2243)-Serrano Salvador,E (2242) Czech Republic 2018}) 18. f4 g6 19. Rad1 Qc6 (19... a5 $142) 20. Rf3 $16 Rg8 21. Rfd3 Rb7 22. Rf3 Rb8 $1 23. Rh3 Rb7 24. Rhd3 Ra7 25. R1d2 (25. Ba5 {looks sharper.} Qa4 26. Ra3 Qc6 27. Qd2 Rb7 28. Rd3) 25... Rb7 {[%cal Oa6a5]} 26. Qf3 ({White should play} 26. b3 $16) 26... Qxf3 $14 27. Rxf3 Kd8 28. g3 Kc7 29. Rfd3 Kc6 (29... Kd8 $14 {was preferrable.}) 30. Ba5 $16 {[%cal Od3d6] [#] Rd6+! would kill now.} Ra7 31. Rb3 {[%cal Bd3b3,Bb3b6,Bb6c6][%mdl 32] And now Rb6+ would win. White is more active.} d5 $2 {[%mdl 8192] Black cannot hold the game after this.} (31... d6 $16 32. Rb6+ Kd7) 32. Rb6+ $18 ({Resist} 32. cxd5+ Kd7 33. Rb6 exd5 34. Rxd5+ Kc8 $18) 32... Kd7 33. cxd5 exd5 34. Rxd5+ Kc8 35. b3 h4 36. Rc6+ Kb8 37. Bb6 Kb7 38. Rc7+ Kxb6 39. Rxa7 Kxa7 {[%mdl 4096] Endgame KRB-KR} 40. Rd7+ Kb6 {[%cal Oc5c4] [#] aiming for ...c4!} 41. Rxe7 hxg3 42. Rxf7 gxh2+ 43. Kxh2 {KR-KR} Kb5 44. Kg3 Kb4 45. Kf3 (45. Rb7+ $142 Kc3 46. e6) 45... Ka3 (45... c4 $142 46. Rb7+ Kc3) 46. Ke4 Kxa2 47. Rb7 {Hoping for e6.} a5 48. e6 g5 49. f5 {[%cal Bf4f5,Bf5f6][%mdl 32] White mates.} g4 50. f6 g3 51. Rg7 g2 52. Rxg8 {Weighted Error Value: White=0.22 (precise) /Black=0.56} 1-0

[Event "WALTON 40th BAN-ch U20 Open 2022"]
[Site "Dhaka"]
[Date "2022.02.18"]
[Round "4.4"]
[White "Mortuza Mahathir, Islam"]
[Black "Zia, Tahsin Tajwar"]
[Result "0-1"]
[WhiteElo "1877"]
[BlackElo "2283"]
[Annotator "TA"]
[PlyCount "94"]
[EventDate "2022.02.15"]
[EventType "swiss"]
[EventCountry "BAN"]
[SourceTitle "playchess.com"]
[Source "ChessBase"]
[SourceQuality "1"]

{[%evp 12,94,-4,-8,0,-43,-38,-53,-31,-58,-29,-26,-20,-24,-36,-38,-28,-28,0,-14,27,0,4,-36,-19,-72,-33,-71,-79,-102,-112,-115,-97,-152,-88,-155,-112,-116,-111,-101,-102,-125,-102,-112,-113,-137,-137,-120,-100,-96,-96,-248,-253,-247,-85,-92,-85,-96,-85,-85,-62,-62,-62,-62,-62,-70,-27,-926,-875,-770,-627,-433,-390,-72,-72,-72,-72,-29975,-29976,-29976,-16,-29981,-29982,-29982,-29983]} 1. d4 d5 2. Nf3 {[%cal Bg1f3,Bf3d4,Bd4b3,Bb3d2,Bd2e4][%mdl 32]} Nf6 3. g3 c5 4. Bg2 cxd4 5. O-O h6 6. Nxd4 e5 7. Nb3 {[%cal Oc2c4]} a5 {[%cal Ba7a5,Ba5a4][%mdl 32] [#] D02: 1 d4 d5 2 Nf3 sidelines, including 2...Nf6 3 g3 and 2...Nf6 3 Bf4.} 8. c4 $146 (8. a4 $11 {feels stronger.}) ({Predecessor:} 8. a4 Nc6 9. Nc3 Be6 10. f4 exf4 11. Bxf4 Be7 12. Nb5 Rc8 13. N5d4 Bd7 14. Qd2 O-O 15. c3 {0-1 (32) Thomzik,D-Goehring,D freechess.de 2018}) 8... a4 $15 ({Much less strong is} 8... dxc4 9. Qxd8+ Kxd8 10. N3d2 $11) 9. N3d2 d4 {Black is slightly better.} 10. Ne4 Nc6 11. e3 Be6 12. exd4 exd4 ({Don't play} 12... Bxc4 13. Nxf6+ gxf6 14. Bxc6+ bxc6 15. Re1 $14) 13. Nxf6+ Qxf6 14. Nd2 Bb4 (14... Be7 $5 {[%cal Re8g8]}) 15. Ne4 Qd8 (15... Qg6 $142) 16. Bd2 (16. c5 {feels hotter.} O-O 17. a3 Ba5 18. Nd6 Bc7 19. Bf4) 16... Bxd2 17. Nxd2 O-O 18. b3 (18. Re1 $11) 18... Qa5 19. h3 Rfd8 20. Re1 {[#]} d3 $1 21. Bxc6 bxc6 22. Kg2 (22. h4 $142) 22... Qf5 {Black is much more active.} ({Black should play} 22... c5 23. Rb1 Bd7) 23. Qf3 (23. Qg4 $142) 23... Qxf3+ (23... Qxh3+ $142 24. Kg1 c5) 24. Kxf3 $17 Bxh3 25. b4 h5 26. Ke3 Bf5 27. f3 a3 28. Kf2 Ra4 29. Rab1 Be6 30. Rb3 c5 (30... g6 {seems wilder.} 31. Re3 Kg7 32. Rexd3 Rxd3 33. Rxd3 Rxb4 34. Rxa3 Bxc4 35. Nxc4 Rxc4 36. Ra5 Rc2+) 31. Re3 $2 (31. bxc5 $17 Bxc4 32. Rc3 Bxa2 33. Ra1) 31... Rxb4 $19 32. Rxa3 Bxc4 (32... Rb2 $19 {is more deadly.} 33. Ke1 {[#]} Bxc4 $1 {[%mdl 512]} 34. Nxc4 d2+ 35. Nxd2 Rdxd2) 33. Nxc4 $17 Rxc4 34. Raxd3 Rxd3 (34... Ra8 {is interesting.} 35. Ra3 Rc2+ 36. Kf1 Rb8 37. Re2 Rc1+) 35. Rxd3 $19 {[%mdl 4096] Endgame KR-KR} Rc2+ 36. Ke3 Rxa2 {Strongly threatening ...Rc2.} 37. Rd5 {[%csl LRc5,LRh5]} Ra3+ 38. Ke2 h4 ({Black should try} 38... g6 $15 39. Rxc5 Rb3 40. Rc8+ Kg7) 39. Rxc5 $2 {[%mdl 8192]} (39. gxh4 $11 Rc3 40. Rd8+ Kh7 41. h5) 39... hxg3 40. Rg5 Ra2+ 41. Ke3 g2 {Hoping for ...f6.} 42. f4 g6 43. Kf3 Kg7 {( -> ...Kh6)} 44. Rxg2 $2 {[%mdl 8192]} (44. Rg4 $17 Rb2 45. Ke3) 44... Rxg2 45. Kxg2 Kf6 $2 (45... Kh6 {mates} 46. Kg3 Kh5 47. Kh3 g5 48. fxg5 Kxg5 49. Kg3 f6 50. Kf3 Kf5 51. Kg3 Ke4 52. Kf2 Kf4 53. Ke2 Kg3 54. Kd2 f5 55. Ke2 f4 56. Kf1 Kf3 57. Ke1 Kg2 58. Kd1 f3 59. Kc2 f2 60. Kc3 f1=Q 61. Kb4 Kf3 62. Kc5 Ke4 63. Kc6 Kd4 64. Kd7 Kd5 65. Kc7 Kc5 66. Kc8 Qf7 67. Kd8 Kc6 68. Kc8 Qg8#) 46. Kf2 $2 {[%mdl 8192]} (46. Kg3 $11 Kf5 47. Kf3 f6 48. Kg3 Ke4 49. Kg4 f5+ 50. Kg3 Ke3 51. Kg2 Kxf4 52. Kf2 Ke4 53. Kg3 f4+ 54. Kg2 Ke3 55. Kf1 f3 56. Ke1 g5 57. Kf1 g4 58. Ke1 g3 59. Kf1 g2+ 60. Kg1 Ke2 61. Kh2 Kf2 62. Kh3 g1=Q 63. Kh4 Qg6 64. Kh3 Qh5#) 46... Kf5 47. Kf3 f6 {Weighted Error Value: White=0.69/Black=0.37} 0-1

[Event "WALTON 40th BAN-ch U20 Open 2022"]
[Site "Dhaka"]
[Date "2022.02.18"]
[Round "4.5"]
[White "Sajib, Das"]
[Black "Subrota, Biswas"]
[Result "0-1"]
[WhiteElo "1816"]
[BlackElo "2202"]
[Annotator "TA"]
[PlyCount "91"]
[EventDate "2022.02.15"]
[EventType "swiss"]
[EventCountry "BAN"]
[SourceTitle "playchess.com"]
[Source "ChessBase"]
[SourceQuality "1"]

{[%evp 15,91,-25,-4,-20,-28,-140,-150,-184,-191,-183,-133,-140,-142,-170,-167,-174,-158,-171,-161,-190,-173,-189,-150,-123,-125,-218,-214,-380,-374,-429,-421,-502,-490,-689,-677,-665,-639,-713,-723,-759,-752,-753,-738,-729,-721,-689,-681,-656,-654,-876,-871,-867,-866,-29977,-29978,-29978,-29979,-29980,-2479,-5925,-5805,-3162,-2689,-6022,-5697,-5933,-5917,-5237,-5106,-2997,-2862,-5926,-5562,-5137,-5037,-29973,-29958,-6427]} 1. d4 Nf6 2. Nf3 c5 {[%cal Bc7c5,Bc5c4][%mdl 32]} 3. c3 d5 4. Bf4 Nc6 5. e3 Qb6 6. Qb3 c4 7. Qxb6 axb6 8. Na3 Bf5 9. Nb5 {Strongly threatening Nc7+. D02: 1 d4 d5 2 Nf3 sidelines, including 2...Nf6 3 g3 and 2...Nf6 3 Bf4.} Ra5 10. Na3 (10. a4 $1 $11) 10... e6 $17 {Black is more active.} 11. Nxc4 {Black is clearly better.} dxc4 12. Bxc4 {[#]} Nd5 $146 ({Black should try} 12... b5 $19 13. Bb3 Be7) ({Predecessor:} 12... Be7 13. Nd2 O-O 14. Ke2 Ne4 15. Nb3 Ra4 16. Bb5 Raa8 17. f3 Nd6 18. Bxd6 Bxd6 {1-0 (41) Vujnovic,P (2110)-Muha,M (1621) Zagreb 2018}) 13. Bg3 b5 14. Bb3 Nf6 15. Nd2 Ra8 16. f3 Bd3 17. h4 Na5 18. Kf2 Nc4 19. Bxc4 bxc4 20. e4 (20. b3 $17) 20... b5 $19 21. b4 $2 (21. h5 {keeps fighting.}) 21... Ra3 22. Rhc1 Be7 23. Ke3 Nh5 {[%cal Bf6h5,Bh5f4,Bf4d3][%mdl 32]} 24. Be1 (24. Be5 $142 f6 25. Bc7) 24... g5 25. g4 Nf4 26. h5 Kd7 {...Rha8 is the strong threat.} 27. Nb1 Bxb1 28. Rcxb1 Rha8 29. Rb2 Nd3 30. Rc2 {[#]} Bxb4 $1 {[%mdl 512]} 31. Bd2 Bd6 {Threatens to win with ...b4.} 32. e5 Be7 33. Ke2 Kc6 34. Bc1 {[#]} Rxa2 $3 {[%mdl 512]} 35. Raxa2 Rxa2 36. Kd1 Nf2+ (36... Rxc2 $142 37. Kxc2 Nxc1 38. Kxc1 Kd5 39. Kd1 b4 40. Kd2 bxc3+ 41. Kxc3 Ba3 42. Kd2 Kxd4 43. Kc2 h6 44. Kd2 c3+ 45. Kc2 Kc4 46. Kd1 Kd3 47. Ke1 Bc5 48. Kf1 c2 49. f4 c1=Q+ 50. Kg2 gxf4 51. Kh2 Qg1+ 52. Kh3 Qh1#) 37. Kd2 Rxc2+ 38. Kxc2 Nd3 39. Be3 Ne1+ 40. Kd1 Nxf3 41. Ke2 Nh2 42. Bd2 Kd5 {Hoping for ...Ke4.} 43. Kf2 Ke4 {( -> ...Kd3)} 44. Be1 Nxg4+ 45. Kg3 Ne3 46. Kf2 {Weighted Error Value: White=0.83/Black=0.32} 0-1

[Event "WALTON 40th BAN-ch U20 Open 2022"]
[Site "Dhaka"]
[Date "2022.02.18"]
[Round "4.6"]
[White "Mahin, Ahmed Shuvo"]
[Black "Md, Azmaeen Parvez Sayor"]
[Result "0-1"]
[WhiteElo "1813"]
[BlackElo "1920"]
[Annotator "TA"]
[PlyCount "72"]
[EventDate "2022.02.15"]
[EventType "swiss"]
[EventCountry "BAN"]
[SourceTitle "playchess.com"]
[Source "ChessBase"]
[SourceQuality "1"]

{[%evp 13,71,-6,-1,-19,15,0,7,14,25,16,18,4,5,12,20,22,17,19,69,67,72,61,56,58,57,54,46,73,140,74,616,584,645,634,720,107,131,28,28,20,24,36,120,125,127,115,106,29,28,27,28,37,39,0,0,-29997,-29998,-29998,-29999,-29999]} 1. Nf3 {[%cal Bg1f3,Bf3d4,Bd4b3][%mdl 32]} c5 2. d4 cxd4 3. Nxd4 e5 4. Nb3 d5 {[%cal Bd7d5,Bd5d4][%mdl 32]} 5. g3 h6 6. Bg2 Nf6 7. O-O Nc6 8. Nc3 {[%cal Rc3d5] D02: 1 d4 d5 2 Nf3 sidelines, including 2...Nf6 3 g3 and 2...Nf6 3 Bf4.} d4 9. Ne4 Nxe4 10. Bxe4 {The position is equal.} Bh3 11. Re1 $1 Bb4 12. Bd2 Bxd2 13. Qxd2 {[#]} O-O $146 ({Predecessor:} 13... Qb6 14. e3 O-O-O 15. exd4 Nxd4 16. Nxd4 Rxd4 17. Qe2 g6 18. c3 Rd7 19. Rad1 Rxd1 20. Rxd1 Be6 21. Bd5 Rd8 22. Bxe6+ Qxe6 23. Rxd8+ Kxd8 24. Qd2+ Ke7 {½-½ (24) Hodovsky,J (2161)-Buran,J (2211) Czech Republic 2015}) 14. e3 {[%cal Be2e3,Be3d4,Bd4d5][%mdl 32]} Qb6 15. exd4 Rad8 (15... Nxd4 $11 16. Nxd4 Rad8) 16. d5 $14 f5 17. Bh1 {Threatens to win with c4.} e4 18. c4 $1 {Inhibits Qb5.} Ne5 19. Qc3 Nd3 {[%csl Gd3][%cal Rb6f2]} 20. Re2 f4 ({Black should play} 20... Rc8) 21. c5 ({Not} 21. Bxe4 fxg3 22. c5 (22. hxg3 Rxf2 23. Qxd3 Rxe2+ 24. c5 Qa6 $15) 22... Nf4 $11) ({White should try} 21. Qd4 $1) 21... Qc7 $2 {[%mdl 8192]} (21... Qa6 $16) 22. Bxe4 $18 fxg3 23. hxg3 ({Inferior is} 23. Bxd3 gxf2+ 24. Rxf2 Rxf2 $15) 23... Rxf2 {[#]} 24. Qxd3 (24. d6 $1 $18 {[%mdl 512] is the precise move to win.} Qc8 25. Bxd3 Rxe2 26. Bxe2) 24... Rxe2 $16 {[#]} 25. Qxe2 ({White has to play} 25. d6 $1 $16 {Bd5+ is the strong threat.} Rxe4 26. Qxe4 (26. dxc7 $2 {loses.} Rxd3 27. Kh1 Re7 $19)) 25... Qxg3+ $11 26. Bg2 Bxg2 $1 27. Qxg2 Qe3+ (27... Qd3 $1 $14 28. Nd2 Rxd5) 28. Kh1 $16 Re8 29. Rg1 {[%csl Gg1][%cal Rg2g7]} Qe5 {[#]} 30. Qg6 {Inhibits Qh5+.} (30. Qg4 $1 $16 {Strongly threatening d6.} Qxd5+ 31. Kh2 Qe5+ 32. Kh3) 30... Qxd5+ $11 31. Kh2 {[%csl Gg1][%cal Rg6g7]} Qe5+ 32. Kh3 {[%cal Ob3d4] Hoping for Nd4!} Rf8 $1 33. Qg4 (33. Nd2 $5 {[%cal Rg1g3]}) 33... Rf5 $1 $40 {[%mdl 128] And now ...Rh5+ would win. Black has some attack. Really sharp!} 34. Qd4 $2 {[%mdl 8192]} (34. Rg3 $11 Rh5+ 35. Kg2 Qxb2+ 36. Kf3 Qc3+ 37. Kg2 Qb2+ 38. Kg1 Qb1+ 39. Kg2 Qxa2+ 40. Kg1 Qb1+ 41. Kg2 Qb2+ 42. Kg1 Qb1+ 43. Kg2 Qc2+ 44. Kg1 Qb1+) 34... Rf3+ {Black mates.} 35. Kh4 Qh2+ 36. Kg4 Qh3# {Never resign too early!  Weighted Error Value: White=0.70/Black=0.29 (precise)} 0-1